000
00345nam a2200157Ia 4500
005
20250425162340.0
008
250425s9999 xx 000 0 und d
041
_a
spa
245
0
_a
EL COSMOPOLITA
250
_a
1A ED.
260
_a
AMBATO
260
_a
Ecuador
_b
CASA DE MONTALVO
_c
2007
300
_a
352
942
_c
01
010
_a
64609
999
_c
227415
_d
227415